Cohomologie Galoisienne: Lecture notes in mathematics/

Guardado en:
Detalles Bibliográficos
Autor Corporativo: Pierre Serre Jean
Formato: Revista
Lenguaje:Vietnamese
Publicado: New York.: 1965
Etiquetas: Agregar Etiqueta
Sin Etiquetas, Sea el primero en etiquetar este registro!
Thư viện lưu trữ: Thư viện Trường Đại học Đà Lạt
LEADER 00506nam a2200217 4500
001 DLU050048452
040 # # |a DLU  |b vie 
041 # # |a vie 
110 # # |a Pierre Serre Jean 
245 # # |a Cohomologie Galoisienne: Lecture notes in mathematics/  |c Pierre Serre Jean 
260 # # |a New York.:  |c 1965 
300 # # |a 159tr.  |c 27cm 
994 # # |a DLU 
900 # # |a True 
911 # # |a Nguyễn Thị Yên 
925 # # |a A 
926 # # |a G 
927 # # |a TT 
980 # # |a Thư viện Trường Đại học Đà Lạt